01834nam a22003857a 4500003000900000005001700009006001800026008004100044020001800085040004300103082002200146100003500168245007300203264005200276264001000328300005500338336002600393336002800419337002800447337002300475338002700498338003400525500007500559650007900634650006500713651001000778653002300788655002400811700003800835942002900873999001700902952017300919952017801092952017801270EG-ScBUE20220717102055.0m||||fq||h 00| 0140626t2008 enkadk f 000 0 eng d a9780462000282 aEG-ScBUEbengerdacEG-ScBUEdEG-ScBUE04222a428.0076bBAZ1 aBazin, Anthea,eauthor.93601710aAchieve IELTS :bpractice test book /cAnthea Bazin and Elaine Boyd. 1aLondon :bMarshall Cavendish Education,c[2008] 4cc2008 a112 pages :bchart, forms, tables ;c28 cm +e3 CD 2rdacontentatextbtxt 2rdacontentasoundsbsnd 2rdamediaaunmediatedbn 2rdamediaaaudiobs 2rdacarrieravolumebnc 2rdacarrieracomputer discbcd aContains : 4 practice tests, 2 audio CDs, key, tips on how to prepare. 7936012aInternational English Language Testing SystemvStudy guides.2BUEsh 799157aEnglish languagevExaminations, questions, etc.2BUEsh 2BUEsh cJune2014bHHUUEENN vReading book9342321 aBoyd, Elaine, eauthor.98258 2ddck428.0076 BAZ TRcBB c18322d18294 00102ddc40708BaccahaMAINbMAINc2NDd2014-06-26ePurchaseg290.00h19833l6m5o428.0076 BAZ TRp000036017r2025-07-15 00:00:00s2018-07-16v362.50w2014-06-26yTR 00102ddc40708BaccahaMAINbMAINc2NDd2014-06-26ePurchaseg290.00h19833l3m2o428.0076 BAZ TRp000036018r2022-08-24 00:00:00s2015-07-29v362.50w2014-06-26yCDVDWTR 00102ddc40708BaccahaMAINbMAINc2NDd2014-06-26ePurchaseg290.00h19833l4m7o428.0076 BAZ TRp000036019r2022-08-24 00:00:00s2018-07-16v362.50w2014-06-26yCDVDWTR